Normal view
MARC view
- BAPAT, Y. N
Entry Personal Name
001 - CONTROL NUMBER
- control field: 76709
003 - CONTROL NUMBER IDENTIFIER
- control field: NUST
005 - DATE AND TIME OF LATEST TRANSACTION
- control field: 20210628205711.0
008 - FIXED-LENGTH DATA ELEMENTS
- fixed length control field: 210628|| aca||aabn | a|a d
040 ## - CATALOGING SOURCE
- Original cataloging agency: NUST
- Transcribing agency: NUST
100 ## - HEADING--PERSONAL NAME
- Personal name: BAPAT, Y. N
670 ## - SOURCE DATA FOUND
- Source citation: Work cat.: (NUST): BAPAT, Y. N, ELECTRONIC DEVICES AND CIRCUITS DISCRETE AND INTEGRATED, 1978
